书目信息 |
| 题名: |
数据挖掘与粗糙集方法
|
|
| 作者: | 张文宇 , 贾嵘 著 | |
| 分册: | ||
| 出版信息: | 西安 西安电子科技大学出版社 2007.10 |
|
| 页数: | 191页 | |
| 开本: | 26cm | |
| 丛书名: | ||
| 单 册: | ||
| 中图分类: | TP311.13 | |
| 科图分类: | ||
| 主题词: | 数据采集--shu ju cai ji | |
| 电子资源: | ||
| ISBN: | 978-7-5606-1911-8 | |
| 000 | 00921nam0 2200253 450 | |
| 001 | 012008952461 | |
| 005 | 20080630100015.10 | |
| 010 | @a978-7-5606-1911-8@dCNY23.00 | |
| 100 | @a20080630d2007 em y0chiy0120 ea | |
| 101 | 0 | @achi |
| 102 | @aCN@b610000 | |
| 105 | @ay a 000yy | |
| 106 | @ar | |
| 200 | 1 | @a数据挖掘与粗糙集方法@Ashu ju wa jue yu cu cao ji fang fa@f张文宇, 贾嵘著@Fzhang wen yu,jia rong zhu |
| 210 | @a西安@c西安电子科技大学出版社@d2007.10 | |
| 215 | @a191页@d26cm | |
| 320 | @a有书目 (第182-191页) | |
| 330 | @a本书介绍了数据挖掘技术的基本原理、主要方法、挖掘模式、发展及应用,重点对基于粗糙集方法的数据挖掘过程进行了阐述,全面分析了静态与增量式的相容性与不相容性决策系统的数据挖掘。 | |
| 606 | 0 | @a数据采集@Ashu ju cai ji |
| 690 | @aTP311.13@v4 | |
| 701 | 0 | @a张文宇@Azhang wen yu@4著 |
| 701 | 0 | @a贾嵘@Ajia rong@4著 |
| 801 | 0 | @aCN@bQSSK@c20080630 |
| 905 | @b730066-67@dTP311.13@eZ198@f2 | |
| 数据挖掘与粗糙集方法/张文宇, 贾嵘著.-西安:西安电子科技大学出版社,2007.10 |
| 191页;26cm |
| ISBN 978-7-5606-1911-8:CNY23.00 |
| 本书介绍了数据挖掘技术的基本原理、主要方法、挖掘模式、发展及应用,重点对基于粗糙集方法的数据挖掘过程进行了阐述,全面分析了静态与增量式的相容性与不相容性决策系统的数据挖掘。 |
| ● |
| 相关链接 |
|
|
|
正题名:数据挖掘与粗糙集方法
索取号:TP311.13/Z198
 
预约/预借
| 序号 | 登录号 | 条形码 | 馆藏地/架位号 | 状态 | 备注 |
| 1 | 730066 | 207300669 | 自科库301/301自科库 78排2列4层/ [索取号:TP311.13/Z198] | 在馆 | |
| 2 | 730067 | 207300678 | 自科库301/301自科库 78排2列4层/ [索取号:TP311.13/Z198] | 在馆 |